[Event "Challenge"]
[Site "http://www.queenalice.com/game.php?id=421325"]
[Date "2008.6.22"]
[Round "-"]
[White "samuca"]
[Black "GM_Bagomeu_Jlle"]
[Result "1-0"]
[WhiteElo "2378"]
[BlackElo "1940"]

1. Nf3 g6 2. d4 Bg7 3. c4 d5 4. e3 e6 5. Nc3 Ne7 6. Bd3 O-O 7. O-O c5 8. cxd5
Nxd5 9. Nxd5 Qxd5 10. dxc5 Qxc5 11. Rb1 Nc6 12. b3 b6 13. Bb2 Bxb2 14. Rxb2 Bb7
15. Rc2 Qh5 16. Rc4 Rad8 17. Rh4 Qa5 18. Qe2 Ne5 19. Nxe5 Qxe5 20. Bc4 Qg5 21.
Rg4 Qh6 22. Rd1 Rxd1+ 23. Qxd1 Qg7 24. Be2 Rc8 25. Bf3 Bxf3 26. gxf3 Qc3 27. Qe2
Qc2 28. Qxc2 Rxc2 29. Ra4 a5 30. Kg2 Kf8 31. f4 Rb2 32. Kf3 Rc2 33. h4 h5 34.
Rc4 Rxc4 35. bxc4 Kg7 36. Ke4 f5+ 37. Ke5 Kf7 38. f3 Ke7 39. a4 Kf7 40. Kd6 Kf6
41. Kc6 e5 42. Kxb6 exf4 43. exf4 Ke6 44. Kc7 Ke7 45. c5 Ke6 46. c6 1-0

[Event "o bão"]
[Site "http://www.queenalice.com/game.php?id=421326"]
[Date "2008.6.22"]
[Round "-"]
[White "GM_Bagomeu_Jlle"]
[Black "samuca"]
[Result "0-1"]
[WhiteElo "1917"]
[BlackElo "2366"]

1. e4 e5 2. Nf3 Nc6 3. Bc4 Nf6 4. Ng5 d5 5. exd5 Nxd5 6. Nxf7 Kxf7 7. Bxd5+ Qxd5
8. Qf3+ Qxf3 9. gxf3 Bc5 10. d3 Nd4 11. Na3 Bxa3 12. bxa3 Nxc2+ 13. Kd2 Nxa1 14.
Bb2 Bf5 15. Bxa1 Rhd8 16. Bxe5 Rxd3+ 17. Ke2 Rxa3 18. Bxc7 Rc8 19. Bd6 Rc2+ 20.
Kf1 Raxa2 21. Bg3 Ra1+ 22. Kg2 Bh3+ 23. Kxh3 Rxh1 24. Kg2 Rcc1 25. f4 b5 26. h4
b4 27. h5 b3 0-1

[Event "o bão"]
[Site "http://www.queenalice.com/game.php?id=421327"]
[Date "2008.6.22"]
[Round "-"]
[White "samuca"]
[Black "GM_Bagomeu_Jlle"]
[Result "1-0"]
[WhiteElo "2376"]
[BlackElo "1944"]

1. d4 d5 2. c4 e6 3. Nc3 Nf6 4. e3 Bb4 5. Bd2 O-O 6. Nf3 b6 7. cxd5 Nxd5 8. Nxd5
Bxd2+ 9. Qxd2 Qxd5 10. Rc1 Qxa2 11. Bc4 Qa4 12. b3 Qa5 13. Qxa5 bxa5 14. Bb5 Ba6
15. Bxa6 Nxa6 16. Rc6 Nb4 17. Rxc7 Rfc8 18. Rxc8+ Rxc8 19. O-O Rc3 20. Nd2 Kf8
21. Ra1 Rc2 22. Nf1 Rb2 23. Rxa5 Rxb3 24. Rxa7 Nd3 25. Ra2 Ke7 26. Rc2 Rb2 27.
Rxb2 Nxb2 28. Nd2 Nd3 29. f3 Nb4 30. Kf2 Nd3+ 31. Ke2 Nb4 32. e4 Nc2 33. Kd3
Nb4+ 34. Kc4 Nc6 35. Nb3 h5 36. Kc5 Nd8 37. Na5 f6 38. Nc6+ Nxc6 39. Kxc6 Kf7
40. d5 exd5 41. exd5 Ke7 42. Kc7 1-0

[Event "o bão"]
[Site "http://www.queenalice.com/game.php?id=421328"]
[Date "2008.6.22"]
[Round "-"]
[White "GM_Bagomeu_Jlle"]
[Black "samuca"]
[Result "0-1"]
[WhiteElo "1919"]
[BlackElo "2354"]

1. d4 d5 2. c4 e6 3. Nc3 Nf6 4. e3 Bb4 5. Bd2 O-O 6. Bd3 b6 7. Nf3 Bb7 8. O-O
Nbd7 9. cxd5 Nxd5 10. a3 Bxc3 11. Bxc3 c5 12. dxc5 Nxc5 13. Rc1 Nxd3 14. Qxd3
Nxc3 15. Rxc3 Bxf3 16. gxf3 Qg5+ 17. Kh1 Rad8 18. Qa6 Rd5 19. f4 Qf5 20. Rg1
Qe4+ 21. Rg2 Rd1+ 22. Qf1 Rxf1# 0-1

[Event "o bão"]
[Site "http://www.queenalice.com/game.php?id=421329"]
[Date "2008.6.22"]
[Round "-"]
[White "samuca"]
[Black "GM_Bagomeu_Jlle"]
[Result "1-0"]
[WhiteElo "2367"]
[BlackElo "1915"]

1. e4 Nf6 2. e5 Nd5 3. c4 Nb6 4. d4 d6 5. Nf3 dxe5 6. Nxe5 Nc6 7. Nxc6 bxc6 8.
Nc3 e6 9. Bd3 Bb4 10. O-O O-O 11. a3 Bd6 12. c5 Bxc5 13. dxc5 Nd5 14. Qh5 g6 15.
Qf3 Qf6 16. Nxd5 Qxf3 17. Ne7+ Kg7 18. gxf3 Rd8 19. Be4 Bb7 20. Bxc6 Bxc6 21.
Nxc6 Rd5 22. Be3 a6 23. Rad1 Rxd1 24. Rxd1 Kf6 25. Rd7 Rc8 26. Bd4+ Kg5 27. Be5
h5 28. Rxf7 h4 29. Nd4 1-0

[Event "o bão"]
[Site "http://www.queenalice.com/game.php?id=421330"]
[Date "2008.6.22"]
[Round "-"]
[White "GM_Bagomeu_Jlle"]
[Black "samuca"]
[Result "0-1"]
[WhiteElo "1942"]
[BlackElo "2377"]

1. e4 e6 2. d4 d5 3. e5 c5 4. Be3 Nc6 5. Bb5 Bd7 6. Bxc6 Bxc6 7. dxc5 Ne7 8. Nc3
Ng6 9. f4 Qa5 10. Nf3 Bxc5 11. Bxc5 Qxc5 12. Qd4 Qxd4 13. Nxd4 Nxf4 14. O-O Ng6
15. Ncb5 O-O 16. Nxc6 bxc6 17. Nd4 Nxe5 18. Rfe1 Nc4 19. Nxc6 Nxb2 20. Ne7+ Kh8
21. Rab1 Nc4 22. Rb7 g6 23. Reb1 Kg7 24. Nc6 Rfc8 25. Nd4 Ne3 26. Nxe6+ Kf6 27.
Nf4 Rxc2 28. Rd7 g5 29. Nh3 Rxg2+ 30. Kh1 Rc8 31. Re1 Rcc2 32. Rxe3 Rxh2+ 33.
Kg1 Rcg2+ 34. Kf1 Rxa2 35. Re1 Rxh3 36. Kg1 g4 37. Rc1 g3 38. Rf1+ Kg6 39. Rfxf7
g2 40. Rg7+ Kf5 41. Rxd5+ Ke4 42. Rxg2 Rxg2+ 43. Kxg2 Kxd5 44. Kxh3 a5 0-1

[Event "o bão"]
[Site "http://www.queenalice.com/game.php?id=421331"]
[Date "2008.6.22"]
[Round "-"]
[White "samuca"]
[Black "GM_Bagomeu_Jlle"]
[Result "1-0"]
[WhiteElo "2368"]
[BlackElo "1931"]

1. e4 d6 2. d4 e5 3. dxe5 dxe5 4. Qxd8+ Kxd8 5. Bc4 f6 6. Be3 Bb4+ 7. Nd2 Bg4 8.
f3 Bh5 9. O-O-O Ne7 10. Nb3+ Kc8 11. Be6+ Nd7 12. Bxd7+ Kd8 13. Bg4+ Ke8 14.
Bxh5+ Kf8 15. Nc5 Bxc5 16. Bxc5 g6 17. Bg4 h5 18. Be6 b6 19. Ba3 Rh7 20. Rd7 c5
21. b4 cxb4 22. Bxb4 Ke8 23. Ne2 Rd8 24. Rhd1 Rxd7 25. Rxd7 a5 26. Bd6 Rg7 27.
Bc7 Nf5 28. Rd8+ Ke7 29. exf5 gxf5 30. Rd7+ Kxe6 31. Rxg7 1-0

[Event "AUTO-ELITE-162"]
[Site "http://www.queenalice.com/game.php?id=426844"]
[Date "2008.7.3"]
[Round "2"]
[White "samuca"]
[Black "educapivara"]
[Result "1/2-1/2"]
[WhiteElo "2384"]
[BlackElo "2227"]

1. e4 e5 2. Nf3 Nc6 3. Bc4 Nf6 4. Ng5 d5 5. exd5 Nxd5 6. Nxf7 Kxf7 7. Qf3+ Ke6
8. Nc3 Nb4 9. Qe4 c6 10. a3 Qa5 11. Rb1 Na6 12. O-O Qc5 13. Re1 Kd7 14. Nxd5
cxd5 15. Bxd5 Nc7 16. Bxb7 Bxb7 17. Qxb7 Bd6 18. Qe4 Raf8 19. Qa4+ Qc6 20. Qxc6+
Kxc6 21. b4 Rf5 22. d3 Rb8 23. c4 a6 24. Bd2 Ne6 25. a4 Nd4 26. b5+ axb5 27.
cxb5+ Kd5 28. b6 Kc6 29. a5 Kb7 30. Re4 Rbf8 31. f3 Rc8 32. Rb2 Bc5 33. Kf1 Ra8
34. Rh4 h5 35. Re4 Ba3 1/2-1/2

[Event "AUTO-ELITE-162"]
[Site "http://www.queenalice.com/game.php?id=426845"]
[Date "2008.7.3"]
[Round "2"]
[White "educapivara"]
[Black "samuca"]
[Result "1/2-1/2"]
[WhiteElo "2232"]
[BlackElo "2379"]

1. e4 c6 2. Nf3 d5 3. exd5 cxd5 4. Ne5 Nc6 5. Bb5 Qc7 6. d4 a6 7. Bxc6+ bxc6 8.
O-O Bf5 9. Qf3 e6 10. c4 Bd6 11. Nc3 Bxe5 12. dxe5 Qxe5 13. Bf4 Qf6 14. Rfe1 Ne7
15. Bd6 Rd8 16. Bxe7 Qxe7 17. cxd5 cxd5 18. Rad1 d4 19. Qc6+ Qd7 20. Qxa6 O-O
21. Ne4 Rb8 22. Qd6 Qxd6 23. Nxd6 Rxb2 24. a3 Ra2 25. Rxd4 Rxa3 26. Nxf5 exf5
27. g3 Ra7 28. Red1 g6 29. Rd7 Rfa8 30. Kg2 Kg7 31. h3 h5 32. h4 Ra1 33. Rxa1
Rxa1 34. Rd4 Ra7 35. Kf3 f6 36. Rb4 g5 37. Kg2 g4 38. Rd4 Kg6 39. Rb4 1/2-1/2

[Event "AUTO-OPEN-925"]
[Site "http://www.queenalice.com/game.php?id=435276"]
[Date "2008.7.18"]
[Round "2"]
[White "lelinho"]
[Black "samuca"]
[Result "0-1"]
[WhiteElo "2006"]
[BlackElo "2383"]

1. e4 c6 2. Nf3 d5 3. Nc3 dxe4 4. Nxe4 Nd7 5. Be2 Ngf6 6. Ng3 e6 7. d4 Bd6 8.
O-O O-O 9. c4 b6 10. a3 Bb7 11. b4 a5 12. c5 Bxg3 13. hxg3 axb4 14. Bb2 bxc5 15.
dxc5 bxa3 16. Rxa3 Rxa3 17. Bxa3 Qa5 18. Qb3 Rb8 0-1

[Event "AUTO-OPEN-925"]
[Site "http://www.queenalice.com/game.php?id=435277"]
[Date "2008.7.18"]
[Round "2"]
[White "samuca"]
[Black "lelinho"]
[Result "1-0"]
[WhiteElo "2382"]
[BlackElo "2008"]

1. e4 c5 2. Nf3 d6 3. d4 cxd4 4. Nxd4 Nf6 5. Nc3 a6 6. f4 e5 7. Nf3 Nc6 8. fxe5
Nxe5 9. Nxe5 dxe5 10. Qxd8+ Kxd8 11. Bg5 Be7 12. O-O-O+ Bd7 13. Bc4 Rf8 14. Rd2
h6 15. Bxf6 Bxf6 16. Kb1 Bg5 17. Rd3 Rc8 18. Bb5 axb5 19. Rhd1 1-0

[Event "QA-ANNIV-04"]
[Site "http://www.queenalice.com/game.php?id=445803"]
[Date "2008.8.8"]
[Round "2"]
[White "samuca"]
[Black "I_might_be_a_duck"]
[Result "1-0"]
[WhiteElo "2380"]
[BlackElo "1662"]

1. e4 e5 2. Nf3 Nc6 3. Bc4 Bc5 4. c3 Nf6 5. d4 exd4 6. cxd4 Bb4+ 7. Bd2 Bxd2+ 8.
Nbxd2 O-O 9. e5 Nh5 10. O-O Nf4 11. d5 Ne7 12. d6 cxd6 13. exd6 Nc6 14. Ne4 h6
15. Qd2 Ng6 16. Rfe1 a6 17. Ng3 b5 18. Bb3 Bb7 19. Qc2 Rc8 20. Qxg6 Na5 21. Nh5
1-0

[Event "QA-ANNIV-04"]
[Site "http://www.queenalice.com/game.php?id=479389"]
[Date "2008.10.18"]
[Round "3"]
[White "andre_ramos"]
[Black "samuca"]
[Result "0-1"]
[WhiteElo "1774"]
[BlackElo "2375"]

1. c3 e5 2. d4 exd4 3. cxd4 d5 4. Nc3 Nf6 5. Nf3 c6 6. e3 Bg4 7. Be2 Bd6 8. h3
Bh5 9. Bd2 Nbd7 10. O-O O-O 11. Qc2 Re8 12. Nh2 Qc7 13. f4 Bxe2 14. Nxe2 Ne4 15.
Ng4 Ndf6 16. Nxf6+ Nxf6 17. Ng3 Ne4 18. Nxe4 Rxe4 19. b4 Rae8 20. a3 a6 21. Qd3
Qe7 22. Qe2 Bxf4 23. Qf3 Bxe3+ 24. Bxe3 Rxe3 25. Qf4 Re2 26. Kh1 f6 27. Qf5 Qe4
0-1

[Event "AUTO-OPEN-925"]
[Site "http://www.queenalice.com/game.php?id=496490"]
[Date "2008.11.21"]
[Round "3"]
[White "samuca"]
[Black "K19"]
[Result "1/2-1/2"]
[WhiteElo "2373"]
[BlackElo "2272"]

1. e4 Nf6 2. Nc3 d5 3. e5 Nfd7 4. d4 e6 5. f4 c5 6. Nf3 Nc6 7. Be3 cxd4 8. Nxd4
Bc5 9. Qd2 a6 10. g3 O-O 11. Bg2 Qc7 12. Nce2 Nxd4 13. Nxd4 b5 14. O-O Bb7 15.
b3 Rac8 16. a4 bxa4 17. Rxa4 Bxd4 18. Qxd4 Qxc2 19. Rfa1 h5 20. Rb4 Bc6 21. Rxa6
Ra8 22. Bf1 Rxa6 23. Bxa6 Ra8 24. Bd3 Qd1+ 25. Bf1 Qf3 26. Bc1 1/2-1/2

[Event "AUTO-OPEN-925"]
[Site "http://www.queenalice.com/game.php?id=496491"]
[Date "2008.11.21"]
[Round "3"]
[White "K19"]
[Black "samuca"]
[Result "1/2-1/2"]
[WhiteElo "2275"]
[BlackElo "2370"]

1. Nf3 c6 2. c4 Nf6 3. Nc3 d5 4. e3 a6 5. d4 b5 6. cxd5 cxd5 7. Bd3 Bb7 8. Ne5
e6 9. O-O Bd6 10. f4 O-O 11. a3 Nbd7 12. Bd2 Rc8 13. Qf3 Nb6 14. Be1 Nc4 15. Qe2
Nd7 16. a4 b4 17. Na2 a5 18. Nxc4 dxc4 19. Bxc4 Qb6 20. Bb5 Nf6 21. Bh4 Be4 22.
Bd3 Bd5 23. Bxf6 gxf6 24. Nc1 Kh8 25. Rf2 f5 26. Qd1 Rg8 27. Be2 Qb7 1/2-1/2

[Event "QA-ANNIV-04"]
[Site "http://www.queenalice.com/game.php?id=514338"]
[Date "2008.12.29"]
[Round "4"]
[White "samuca"]
[Black "Chuzete"]
[Result "1/2-1/2"]
[WhiteElo "2376"]
[BlackElo "2279"]

1. e4 c5 2. Nf3 d6 3. d4 cxd4 4. Nxd4 Nf6 5. Nc3 a6 6. Bg5 e6 7. f4 Be7 8. Qf3
h6 9. Bh4 g5 10. fxg5 Nfd7 11. Nxe6 fxe6 12. Qh5+ Kf8 13. Bb5 Rh7 14. Qg6 Rf7
15. Bxd7 Nxd7 16. Qxh6+ Kg8 17. g6 Rg7 18. Bxe7 Qxe7 19. h4 b5 20. O-O Ne5 21.
h5 b4 22. Nd1 Bb7 23. Rf4 Bc6 24. Ne3 Qa7 25. Kh1 Bb5 26. a3 Be2 27. axb4 Qxe3
28. Rf8+ Rxf8 29. Qxe3 Bxh5 30. Qb6 Nxg6 31. Qxd6 Bg4 32. g3 Rf2 33. Kg1 Rxc2
34. Qd4 Be2 35. Qb6 Nf8 36. Qe3 Bb5 37. Rd1 Rxb2 38. Rd8 e5 39. Qc3 Rb1+ 40. Kg2
Rd7 41. Qxe5 Rxd8 42. Qg5+ Kf7 43. Qxd8 Rxb4 44. Qd5+ Ne6 45. g4 Ke7 46. Qb7+
Kf6 47. Qh7 Rb2+ 48. Kg3 Rb3+ 49. Kg2 Nf4+ 50. Kf2 Nd3+ 51. Ke3 Ne5+ 52. Kd4
Rd3+ 53. Kc5 Nd7+ 54. Kb4 Ke5 55. Qf5+ Kd4 56. Qe6 Ke3 57. g5 Rd4+ 58. Kc3 Rxe4
59. Qh3+ Kf4 60. Qh4+ Kf5 61. Qh7+ Ke5 62. Qh8+ Kd6 63. Qh6+ Re6 64. g6 Nf6 65.
Qf8+ Ke5 66. g7 Re8 67. Kb4 Ke6 68. Ka5 Ng8 69. Kb6 Kd7 70. Ka5 Ne7 71. Qf3 Rd8
72. Qe4 Nc6+ 73. Kb6 Ne7 74. Qg4+ Kd6 75. Qd4+ Nd5+ 76. Ka5 Re8 77. Qh4 Rg8 78.
Qh6+ Kc5 79. Qg5 Kd4 80. Qg4+ Ke5 81. Qg5+ Ke6 82. Qf5+ Kxf5 1/2-1/2

[Event "QA-ANNIV-04"]
[Site "http://www.queenalice.com/game.php?id=578098"]
[Date "2009.4.26"]
[Round "5"]
[White "guzanito"]
[Black "samuca"]
[Result "1/2-1/2"]
[WhiteElo "2206"]
[BlackElo "2367"]

1. e4 c6 2. d4 d5 3. Nc3 dxe4 4. f3 e3 5. Bxe3 Nf6 6. Bc4 Nbd7 7. Nge2 Nb6 8.
Bb3 g6 9. Qd2 Bg7 10. h4 h5 11. Nf4 a5 12. a4 Bf5 13. O-O-O Nbd5 14. Nfxd5 Nxd5
15. Bg5 Qd7 16. Rhe1 f6 17. Be3 O-O 18. Rg1 Kh7 19. Bxd5 cxd5 20. Qe2 Rfc8 21.
g4 hxg4 22. fxg4 Be4 23. Nxe4 dxe4 24. h5 Qxa4 25. Kb1 Qc4 26. hxg6+ Kxg6 27.
Qg2 a4 28. Qxe4+ Kf7 29. g5 a3 30. gxf6 Bxf6 31. Qg6+ Ke6 32. bxa3 Qb5+ 33. Kc1
Kd7 34. Rd3 Rc6 35. Rg2 Rac8 36. Qe4 Rb6 37. Kd1 Qb1+ 38. Bc1 Rh8 39. Rg8 Rh4
40. Qd5+ Rd6 41. Qf5+ Re6 42. Rg1 Rxd4 43. Rg3 Qb6 44. Rxd4+ Bxd4 45. Rd3 Kd8
46. Qg4 Rd6 47. Bf4 e5 48. Qg5+ Kd7 49. Bxe5 Bxe5 50. Qxe5 Rxd3+ 51. cxd3 Qb3+
52. Kd2 1/2-1/2

[Event "QA-ANNIV-04"]
[Site "http://www.queenalice.com/game.php?id=644224"]
[Date "2009.8.29"]
[Round "6"]
[White "samuca"]
[Black "KirumbaKizumba"]
[Result "0-1"]
[WhiteElo "2340"]
[BlackElo "2355"]

1. e4 c5 2. Nf3 d6 3. d4 cxd4 4. Nxd4 Nf6 5. Nc3 a6 6. Bd3 e5 7. Nb3 Be6 8. O-O
Be7 9. f4 exf4 10. Bxf4 Nc6 11. Qe2 O-O 12. Nd5 h6 13. Rae1 Re8 14. h3 Nxd5 15.
exd5 Bxd5 16. c4 Be6 17. Qe4 g6 18. Bxh6 Rc8 19. Nd4 d5 20. Nxe6 dxe4 21. Nxd8
Rcxd8 22. Bxe4 Bb4 23. Bxc6 Rxe1 24. Rxe1 Bxe1 25. Bxb7 Rb8 26. Bxa6 Rxb2 27. a4
Bg3 28. Kf1 Rf2+ 29. Kg1 Re2 30. c5 Re1+ 31. Bf1 Ra1 32. Bg5 Rxa4 33. c6 Ra3 34.
Bd2 Rb3 35. Ba5 Rb1 36. c7 Rc1 37. Bb6 f5 38. Bf2 f4 39. Bb6 Kf7 40. Ba5 Ke6 41.
Bb6 Kd7 42. Ba5 Rb1 0-1

[Event "QA-ANNIV-04"]
[Site "http://www.queenalice.com/game.php?id=695059"]
[Date "2009.12.9"]
[Round "7"]
[White "MusicMan"]
[Black "samuca"]
[Result "0-1"]
[WhiteElo "1630"]
[BlackElo "2328"]

1. Nf3 c6 2. g3 d5 3. Bg2 Nf6 4. O-O g6 5. c4 dxc4 6. Ne5 Bg7 7. Nxc4 O-O 8. d3
Re8 9. e3 e5 10. e4 Na6 11. a3 Nc5 12. f4 Nxd3 13. b4 Ng4 14. f5 Qd4+ 15. Ne3
Nxe3 16. Bxe3 Qxe3+ 0-1

[Event "QA-ANNIV-04"]
[Site "http://www.queenalice.com/game.php?id=762145"]
[Date "2010.4.16"]
[Round "8"]
[White "samuca"]
[Black "bruno_borges"]
[Result "1-0"]
[WhiteElo "2329"]
[BlackElo "1993"]

1. e4 e5 2. Nf3 Nc6 3. Bc4 Bc5 4. c3 Nf6 5. O-O d6 6. d4 exd4 7. cxd4 Bb6 8. Bg5
Qe7 9. e5 dxe5 10. dxe5 Nxe5 11. Nxe5 Qxe5 12. Re1 Ne4 13. Qd8# 1-0